| 000 | 00744nam a22001937a 4500 | ||
|---|---|---|---|
| 005 | 20100813115918.0 | ||
| 010 | _aENG-100305 | ||
| 020 |
_a9788172085216 _c20.00 |
||
| 035 | _aEN-83837 | ||
| 037 | _bDBAD/PUB | ||
| 082 | _a230.35 | ||
| 100 |
_aCaruth, Jeannette _912467 |
||
| 245 |
_aSong of my life: _cby Jeannette Caruth _ba journey to the feet of Sathya sai Baba / |
||
| 260 |
_aPrasanthi Nilayam _bSri Sathya Sai Books & Publications Trust _c2008 |
||
| 270 |
_aPrasanthi Nilayam _bPrasanthi Nilayam _e515134 |
||
| 300 |
_aix, 128p. _c22cm (pbk) |
||
| 942 |
_2ddc _cEN _h230.35 _mCAR |
||
| 999 |
_c41563 _d41563 |
||